Guess the French City by Its Clue - Statistics

General Stats
  • This quiz has been taken 22 times
  • The average score is 11 of 18
Answer Stats
Hint Answer % Correct
The City of Love and Lights. Paris
100%
Known for its annual film festival on the French Riviera. Cannes
95%
Famous for its lavender fields and Mediterranean port. Marseille
91%
The European Parliament meets here. Strasbourg
91%
A major city on the French Riviera, close to Monaco. Nice
86%
Known for mustard and Burgundy wines. Dijon
82%
The birthplace of Joan of Arc. Orléans
73%
The capital of Brittany, known for its old town and galettes Rennes
73%
Known for its futuristic architecture and space museum “Cité de l’Espace.” Toulouse
73%
Home to the world’s most famous castle, "Château de V........" Versailles
73%
Known for its old bridge "Pont d’A......." Avignon
59%
Capital of the French Alps, near Mont Blanc. Grenoble
59%
Famous for the D-Day beaches nearby in Normandy. Caen
45%
The city with the most famous Roman amphitheater in France. Nîmes
45%
A major Atlantic port city near Spain. Biarritz
36%
Known for being the capital of the Champagne region Le Mans
9%
İs a world wine capital. Bordeux
5%
Known for its canals and the “Venice of the North” nickname. Annency
0%
No matching quizzes found
Score Distribution
Percent of People with Each Score
Percentile by Number Answered
Your Score History
You have not taken this quiz